000 00831nam a22003017a 4500
001 BR0505398
003 BR-BrBNA
005 20230928102042.0
007 ta
008 230509b bl.||||| |||| 00| 0 por d
040 _aBR-BrBNA
_bpor
_cBiblioteca Nacional de Agricultura
041 _a(Por)
072 _aE50
090 _ E50 BR0505398
110 1 _aFaculdade de Turismo da Bahia, Salvador (Brasil)
_94512
111 1 _a1. Seminário de Turismo Rural da Bahia
_cSalvador, BA (Brazil)
_d21-22 Aug 1997
245 1 _aTurismo rural
260 3 _aSalvador, BA (Brasil):
_c1998.
300 _a100 p.
500 _a7 ref.
650 _aTURISMO
650 _aZONA RURAL
650 _aDESENVOLVIMENTO SUSTENTÁVEL
650 _aMEIO AMBIENTE
650 _aBAHIA
909 _a202309
_bLucia
_c55
_dLucia Elande
942 _cBK
999 _c68900
_d68900